000 00392cam a2200145ua 4500
041 _aeng
_h
082 _a028.71627
_bDAV/HA
100 _aDavis, Calvin Victey .
245 _aHandbook of applied hydraulics /
_cCalvin Victey Davis.
_hTextual Documents
260 _aNew York :
_bMcGraw Hill Book Company ,
_c1952.
300 _a1300 ; .
504 _a
942 _cBK
999 _c3859
_d3859